[Event "Landesliga Nord U20 1819"]
[Site "Bayern"]
[Date "2019.02.09"]
[Round "6.1"]
[White "Stangl, Severin"]
[Black "Hetzner, Hannes"]
[Result "0-1"]
[WhiteElo "1497"]
[BlackElo "2037"]
[PlyCount "72"]
[EventDate "2018.11.17"]
[EventType "team-tourn"]
[EventRounds "7"]
[EventCountry "GER"]
[SourceTitle "EXT 2022"]
[Source "ChessBase"]
[SourceDate "2021.10.06"]
[SourceVersion "1"]
[SourceVersionDate "2021.10.06"]
[SourceQuality "1"]
[WhiteTeam "Moosburg SC U20"]
[BlackTeam "Erlangen SC U20"]
[WhiteTeamCountry "GER"]
[BlackTeamCountry "GER"]

1. e4 e6 2. d4 d5 3. Nd2 Nf6 4. Bd3 c5 5. c3 Nc6 6. Ngf3 cxd4 7. cxd4 dxe4 8. Nxe4 Be7 9. 0-0 0-0 10. Be3 Nb4 11. Nxf6+ Bxf6 12. Be4 Nd5 13. Bd2 b6 14. Qc2 h6 15. Qc6 Bd7 16. Qd6 Bb5 17. Qxd8 Rfxd8 18. Rfe1 Rac8 19. Rac1 Ne7 20. Be3 Bc6 21. Bxc6 Rxc6 22. Ne5 Rxc1 23. Rxc1 Nf5 24. Nc6 Rd7 25. g4 Nxd4 26. Nxd4 Bxd4 27. Rd1 e5 28. Kf1 Kf8 29. f4 Ke7 30. Bxd4 Rxd4 31. Rxd4 exd4 32. Ke2 Ke6 33. Kd3 Kd5 34. b4 g5 35. a4 gxf4 36. h4 f6 0-1

[Event "Landesliga Nord U20 1819"]
[Site "Bayern"]
[Date "2018.12.08"]
[Round "3.1"]
[White "Wild, Michael"]
[Black "Stangl, Severin"]
[Result "1-0"]
[WhiteElo "1657"]
[BlackElo "1497"]
[PlyCount "35"]
[EventDate "2018.11.17"]
[EventType "team-tourn"]
[EventRounds "7"]
[EventCountry "GER"]
[SourceTitle "EXT 2022"]
[Source "ChessBase"]
[SourceDate "2021.10.06"]
[SourceVersion "1"]
[SourceVersionDate "2021.10.06"]
[SourceQuality "1"]
[WhiteTeam "Kareth Lappersdorf U20"]
[BlackTeam "Moosburg SC U20"]
[WhiteTeamCountry "GER"]
[BlackTeamCountry "GER"]

1. e4 e5 2. Nf3 Nf6 3. d4 exd4 4. e5 Ne4 5. Qxd4 d5 6. exd6 Nxd6 7. Bf4 Nc6 8. Qe3+ Qe7 9. Nc3 Bf5 10. 0-0-0 0-0-0 11. Qc5 g6 12. Nd5 Qd7 13. Ne5 Nxe5 14. Bxe5 Ne4 15. Qxa7 Bh6+ 16. Kb1 Qc6 17. Nb6+ cxb6 18. Qb8# 1-0

[Event "Landesliga U20 Sued 1718"]
[Site "Bayern"]
[Date "2018.03.10"]
[Round "7.2"]
[White "Stangl, Severin"]
[Black "Adam, Oliver"]
[Result "1/2-1/2"]
[WhiteElo "1619"]
[BlackElo "1416"]
[PlyCount "97"]
[EventDate "2017.11.18"]
[EventType "team-tourn"]
[EventRounds "7"]
[EventCountry "GER"]
[SourceTitle "EXT 2022"]
[Source "ChessBase"]
[SourceDate "2021.10.06"]
[SourceVersion "1"]
[SourceVersionDate "2021.10.06"]
[SourceQuality "1"]
[WhiteTeam "Moosburg SC U20"]
[BlackTeam "Kriegshaber SK U20"]
[WhiteTeamCountry "GER"]
[BlackTeamCountry "GER"]

1. e4 e5 2. Nf3 Nc6 3. Bc4 f5 4. d3 Nf6 5. Ng5 d5 6. exd5 Nxd5 7. Qf3 Nd4 8. Qxd5 Qxd5 9. Bxd5 Nxc2+ 10. Kd1 Nxa1 11. Nf7 c6 12. Bc4 b5 13. Nxh8 bxc4 14. Re1 Bd6 15. dxc4 Be6 16. b3 0-0-0 17. Nd2 Nxb3 18. axb3 Rxh8 19. Bb2 e4 20. f3 Bxh2 21. fxe4 Kd7 22. exf5 Bxf5 23. Ne4 Rg8 24. Rh1 Bxe4 25. Rxh2 Rb8 26. Bxg7 Rxb3 27. Rh4 Bg6 28. Kd2 Rg3 29. Rh2 Kd6 30. Bd4 a5 31. Kc1 c5 32. Bf2 Rc3+ 33. Kb2 Rxc4 34. Bg3+ Kd5 35. Rh4 Rxh4 36. Bxh4 Kc4 37. Bf6 h5 38. g3 a4 39. Be5 Kd3 40. Bd6 c4 41. Be5 Ke3 42. Bd6 Kd4 43. Bb4 Kd3 44. Ba5 a3+ 45. Kxa3 c3 46. Bc7 c2 47. Kb2 Ke2 48. Kc1 Kf3 49. Bd6 1/2-1/2

[Event "Landesliga U20 Sued 1718"]
[Site "Bayern"]
[Date "2018.01.27"]
[Round "4.1"]
[White "Mooser, Nicolas"]
[Black "Stangl, Severin"]
[Result "1-0"]
[WhiteElo "1896"]
[BlackElo "1619"]
[PlyCount "105"]
[EventDate "2017.11.18"]
[EventType "team-tourn"]
[EventRounds "7"]
[EventCountry "GER"]
[SourceTitle "EXT 2022"]
[Source "ChessBase"]
[SourceDate "2021.10.06"]
[SourceVersion "1"]
[SourceVersionDate "2021.10.06"]
[SourceQuality "1"]
[WhiteTeam "Dorfen PSV U20"]
[BlackTeam "Moosburg SC U20"]
[WhiteTeamCountry "GER"]
[BlackTeamCountry "GER"]

1. Nf3 d5 2. g3 Bf5 3. Bg2 e6 4. 0-0 c5 5. d4 Nc6 6. c4 Rb8 7. Nc3 dxc4 8. dxc5 Qxd1 9. Rxd1 Bxc5 10. Bf4 Rd8 11. Ne5 Nge7 12. Nb5 Rxd1+ 13. Rxd1 0-0 14. Nd7 Rd8 15. Bc7 Rc8 16. Nxc5 a6 17. Bxc6 Nxc6 18. Nd4 Rxc7 19. Nxc6 h6 20. Rd8+ Kh7 21. Nd7 Rxc6 22. Nf8+ Kg8 23. Nxe6+ Kh7 24. Nd4 Rc8 25. Rd6 Rc5 26. Nxf5 Rxf5 27. Rb6 Rb5 28. Rxb5 axb5 29. f4 Kg6 30. e4 Kf6 31. Kf2 Ke6 32. Ke3 Kd6 33. Kd4 b6 34. b3 cxb3 35. axb3 f6 36. f5 h5 37. h3 Kc6 38. b4 Kd6 39. h4 Ke7 40. e5 fxe5+ 41. Kxe5 Kf7 42. Kf4 Kf6 43. g4 hxg4 44. Kxg4 g6 45. fxg6 Kxg6 46. Kf4 Kh5 47. Ke5 Kxh4 48. Kd6 Kg5 49. Kc6 Kf6 50. Kxb5 Ke6 51. Kxb6 Kd7 52. Kb7 Kd6 53. b5 1-0

[Event "Landesliga U20 Sued 1617"]
[Site "Bayern"]
[Date "2017.03.11"]
[Round "6.3"]
[White "Kerkhoff, Jan"]
[Black "Stangl, Severin"]
[Result "1-0"]
[WhiteElo "1782"]
[BlackElo "1550"]
[PlyCount "109"]
[EventDate "2016.11.12"]
[EventType "team-tourn"]
[EventRounds "7"]
[EventCountry "GER"]
[SourceTitle "EXT 2022"]
[Source "ChessBase"]
[SourceDate "2021.10.06"]
[SourceVersion "1"]
[SourceVersionDate "2021.10.06"]
[SourceQuality "1"]
[WhiteTeam "Unterhaching U20"]
[BlackTeam "Moosburg SC U20"]
[WhiteTeamCountry "GER"]
[BlackTeamCountry "GER"]

1. e4 e5 2. Nf3 Nc6 3. Bc4 Bc5 4. Nc3 d6 5. d3 Nf6 6. Bg5 h6 7. Bh4 Be6 8. Bxe6 fxe6 9. Na4 Bb6 10. Nxb6 axb6 11. 0-0 0-0 12. h3 Qe8 13. Bg3 Qh5 14. c3 Nh7 15. Qb3 Rf6 16. Nh2 Raf8 17. Ng4 Rg6 18. f4 exf4 19. Rxf4 Rxf4 20. Bxf4 Na5 21. Qa4 Nf6 22. Nxf6+ Rxf6 23. Rf1 Qc5+ 24. d4 Qc4 25. Qxc4 Nxc4 26. b3 Na5 27. e5 dxe5 28. Bxe5 Rxf1+ 29. Kxf1 c5 30. Bc7 c4 31. b4 Nb3 32. Bxb6 Nd2+ 33. Ke1 Ne4 34. a4 Nxc3 35. a5 Nb5 36. Kd2 Kf7 37. Ke3 Kf6 38. g4 Ke7 39. Bc5+ Kf6 40. h4 g6 41. Bb6 Nc3 42. Bd8+ Kf7 43. Kd2 Nb5 44. g5 hxg5 45. Bxg5 Nxd4 46. Kc3 Nf3 47. Kxc4 Nxg5 48. hxg5 Ke7 49. Kc5 Kd7 50. b5 Kc7 51. a6 e5 52. Kd5 e4 53. Kxe4 bxa6 54. bxa6 Kb6 55. Ke5 1-0